000 00333pab a2200145 454500
008 180718b1989 xxu||||| |||| 00| 0 eng d
100 _aOlugbade, Kola
245 _aState of the state in the Third World
260 _c1989
300 _a16-32
362 _aJan.
650 _aState, The
773 _aRound Table
909 _a18920
999 _c18920
_d18920